000 00371 a2200157 4500
001 12958
020 _a9788586234750
040 _cAnchieta - Aquarius
100 _aMigliorin, Carlos A.
240 1 0 _a*Era uma vez um gato xadrez
_lpor
245 1 0 _a*Era uma vez um gato xadrez
300 _a32
362 0 _a2006
650 4 _aLiteratura infanto-juvenil
942 _cBK
999 _c12958
_d12958